| 000 | 01287cam a2200325 a 4500 | ||
|---|---|---|---|
| 001 | 671136 | ||
| 003 | OSt | ||
| 005 | 20230904120841.0 | ||
| 008 | 950418s1995 nyua b 001 0 eng | ||
| 010 | _a 95018128 | ||
| 020 | _a9780198089537 | ||
| 020 | _a0195073401 (alk. paper) | ||
| 020 | _a0195102681 (pbk. : alk. paper) | ||
| 040 |
_aDLC _cDLC _dDLC |
||
| 050 | 0 | 0 |
_aHB172 _b.M6247 1995 |
| 082 | 0 | 0 |
_a338.5 _bMAS/M |
| 100 |
_aMas-Colell, Andreu _9464 |
||
| 245 | 1 | 0 |
_aMicroeconomic theory / _cAndreu Mas-Colell, Michael D. Whinston, and Jerry R. Green. |
| 260 |
_aNew York : _bOxford University Press, _c1995. |
||
| 300 |
_axvii, 981 p. : _bill. ; _c26 cm. |
||
| 504 | _aIncludes bibliographical references and index. | ||
| 650 | 0 | _aMicroeconomics. | |
| 700 | 1 | _aWhinston, Michael Dennis. | |
| 700 | 1 | _aGreen, Jerry R. | |
| 856 | 4 | 2 |
_3Publisher description _uhttp://www.loc.gov/catdir/enhancements/fy0604/95018128-d.html |
| 856 | 4 | 1 |
_3Table of contents only _uhttp://www.loc.gov/catdir/enhancements/fy0604/95018128-t.html |
| 906 |
_a7 _bcbc _corignew _d1 _eocip _f19 _gy-gencatlg |
||
| 942 |
_2ddc _cBK _h338.5 _iMAS/M _k338.5 _mMAS/M |
||
| 999 |
_c42096 _d42096 |
||